Socio-economic research in forestry.(Proceedings of the National Seminar held on 18-20 May 1992). (Record no. 42113)
[ view plain ]
| 000 -LEADER | |
|---|---|
| fixed length control field | 00434nam a2200145Ia 4500 |
| 020 ## - INTERNATIONAL STANDARD BOOK NUMBER | |
| ISBN | 8185041083 |
| 082 ## - DEWEY DECIMAL CLASSIFICATION NUMBER | |
| Classification number | 630*94:3 |
| Item number | BAS |
| 245 #0 - TITLE STATEMENT | |
| Title | Socio-economic research in forestry.(Proceedings of the National Seminar held on 18-20 May 1992). |
| 260 ## - PUBLICATION, DISTRIBUTION, ETC. (IMPRINT) | |
| Place of publication | Peechi |
| Name of publisher | KFRI |
| Year of publication | 1993 |
| 650 ## - SUBJECT ADDED ENTRY--TOPICAL TERM | |
| Topical Term | Kerala forest management |
| 650 ## - SUBJECT ADDED ENTRY--TOPICAL TERM | |
| Topical Term | Pest control |
| 700 ## - ADDED ENTRY--PERSONAL NAME | |
| Personal name | Basha, S Chand |
| 942 ## - ADDED ENTRY ELEMENTS (KOHA) | |
| Koha item type | Books |
| Withdrawn status | Lost status | Damaged status | Not for loan | Home library | Current library | Date acquired | Cost, normal purchase price | Full call number | Accession Number | Koha item type |
|---|---|---|---|---|---|---|---|---|---|---|
| RRII Library | RRII Library | 16/12/2021 | 350.00 | 630*94:3 BAS | 22390 | Books |